01887 2200325 4500001002100000005001500021035002000036007000300056008004100059020001800100082001200118084001800130100003100148245015200179250002000331300003900351650001400390700003800404505090800442740002701350264003001377336002101407337003001428338002301458990001601481990001601497990001601513990001601529990001601545INLIS00000000000001820260409105247 a0010-0426000017ta260409 g 0 ind  a9789792927399 a005.262 a005.262 AND m0 aAndrea AdelheidePengarang1 aMengungkap rahasia SEO /cAndrea Adelheid ; editor, FI. Sigit Suyantoro ; setting, Sri Sulistiyani ; desain cover, Bowo ; Korektor, Putri Christian acetakan pertama a102 halaman :bilustrasi ;c23eCD 4aSitus Web0 aSuyantara, F.I. SigitePenyunting aMemiliki sebuah website tentunya tak hanya harus mengutamakan desain ataupun program website. SEO juga merupakan faktor penting yang harus dipelajari. Dengan SEO kita dapat mendatangkan pengunjung dari mesin-mesin pencari yang sering digunakan. Buku ini membahas berbagai SEO yang ada maupun teknik SEO terselubung, antara lain: • Mengenal beberapa mesin pencari yang sering digunakan. • Promosi Website ke dalam Google,Yahoo, dan Bing. • Teknik SEO dengan WhiteHat. • Mencurangi SEO dengan teknik Blackhat. • Serta bab yang membahas bagaimana mendatangkan pengunjung dengan trafik luar biasa menggunakan teknik BlackHat SEO. • List domain PR2 – PR8 yang bisa kamu dapatkan secara gratis. Ada pula CD yang di dalamnya terdapat skrip program yang diulas di dalam buku. Dengan buku ini, Anda akan menjadi lebih tahu seluk-beluk SEO yang hingga sekarang ini masih menjadi rahasia di Internet. aMengungkap rahasia SEO aYogyakarta :bANDI,c2012 2rdacontentateks 2rdamediaatanpa perantara 2rdacarrieravolume aPP000035/19 aPP000036/19 aPP000037/19 aPP000353/19 aPP000354/19